Giáo trình phân tích báo cáo tài chính

Trình bày cơ sở lý luận của phân tích báo cáo tài chính, đọc và kiểm tra cơ sở dữ liệu, phân tích tình hình tài chính, đòn bẩy tài chính, rủi ro tài chính và tính ổn định của nguồn tài trợ tài sản. Phân tích kết quả kinh doanh và tình hình...

ver descrição completa

Na minha lista:
Detalhes bibliográficos
Autor principal: Nguyễn, Văn Công
Formato: Livro
Idioma:Undetermined
Publicado em: Hà Nội Giáo dục Việt Nam 2010
Assuntos:
Tags: Adicionar Tag
Sem tags, seja o primeiro a adicionar uma tag!
Thư viện lưu trữ: Trung tâm Học liệu Trường Đại học Cần Thơ
LEADER 01137nam a2200205Ia 4500
001 CTU_150305
008 210402s9999 xx 000 0 und d
020 |c 47000 
082 |a 657.3 
082 |b C455 
100 |a Nguyễn, Văn Công 
245 0 |a Giáo trình phân tích báo cáo tài chính 
245 0 |c Nguyễn Văn Công 
260 |a Hà Nội 
260 |b Giáo dục Việt Nam 
260 |c 2010 
520 |a Trình bày cơ sở lý luận của phân tích báo cáo tài chính, đọc và kiểm tra cơ sở dữ liệu, phân tích tình hình tài chính, đòn bẩy tài chính, rủi ro tài chính và tính ổn định của nguồn tài trợ tài sản. Phân tích kết quả kinh doanh và tình hình lưu chuyển tiền tệ, hiệu quả kinh doanh, giá trị doanh nghiệp và dự báo các chỉ tiêu tài chính... 
650 |a Financial statements,Accounting,Báo cáo tài chính,Kế toán 
904 |i Trọng Hải 
980 |a Trung tâm Học liệu Trường Đại học Cần Thơ